000 08283cam a2201105Ii 4500
001 539799
003 OSt
005 20260108083542.0
008 130914s2013 nyua c 000 1 eng
010 _a 2013033173
020 _a9781419711329 (hardback)
020 _a9780606320627 (hardback)
020 _a9781419741944 (hardback)
035 _a(OCoLC)855539264
040 _aDLC
_beng
_erda
_cDLC
_dUPZ
_dWZ8
_dOCLCO
_dIEB
_dFOLLT
_dIFA
_dUtOrBLW
049 _aIFAA
099 _f2013
100 1 _aKinney, Jeff,
_eauthor,
_eillustrator.
245 1 0 _aDiary of a wimpy kid :
_bhard luck /
_cby Jeff Kinney.
246 3 0 _aHard luck
264 1 _aNew York :
_bAmulet Books,
_c2013.
300 _a217 pages :
_billustrations ;
_c22 cm.
336 _atext
_btxt
_2rdacontent
336 _astill image
_bsti
_2rdacontent
337 _aunmediated
_bn
_2rdamedia
338 _avolume
_bnc
_2rdacarrier
490 1 _aDiary of a wimpy kid ;
_vbook 8
520 _a"Greg Heffley's on a losing streak. His best friend, Rowley Jefferson, has ditched him, and finding new friends in middle school is proving to be a tough task. To change his fortunes, Greg decides to take a leap of faith and turn his decisions over to chance. Will a roll of the dice turn things around, or is Greg's life destined to be just another hard-luck story?"--
_cProvided by publisher.
521 8 _a1020L
_bLexile
526 0 _aLexile
526 0 _aAccelerated Reader
_bMG
_c5.5
_d3.0
_z162772
526 0 _aAccelerated Reader AR
_bMG
_c5.5
_d3
_z162772.
600 1 0 _aHeffley, Greg
_vJuvenile fiction.
650 0 _aFriendship
_vJuvenile fiction.
650 0 _aFortune
_vJuvenile fiction.
650 0 _aMiddle schools
_vJuvenile fiction.
650 0 _aSchools
_vJuvenile fiction.
650 0 _aDiaries
_vJuvenile fiction.
800 1 _aKinney, Jeff.
_tDiary of a wimpy kid (Series) ;
_vbook 8.
902 _aBackstage 11.10.25
942 _cBK
_2ddc
999 _c31394
_d31392
999 _bCHILDREN FICTION KINNEY 2013